• Andalucía (España)

di Geographic Name

Records bibliografici associati: 2

001 - CONTROL NUMBER

  • control field: 18684

003 - CONTROL NUMBER IDENTIFIER

  • control field: IT-RoINE

005 - DATE AND TIME OF LATEST TRANSACTION

  • control field: 20160907085644.0

008 - FIXED-LENGTH DATA ELEMENTS

  • fixed length control field: 150427|| aca||aabn | a|a d

040 ## - CATALOGING SOURCE

  • Original cataloging agency: IT-RoINE
  • Transcribing agency: IT-RoINE

151 ## - HEADING--GEOGRAPHIC NAME

  • Geographic name: Andalucía (España)
  • General subdivision: Historia
  • Chronological subdivision: 1931-1939 (II República)

670 ## - SOURCE DATA FOUND

  • Source citation: Work cat.: (IT-RoINE)0: Chaves Nogales, Manuel, 1897-1944 15172, Andalucía roja y "la Blanca Paloma" (y otros reportajes de la república) /, 2012.